| 000 | 00698nam a2200205 a 4500 | ||
|---|---|---|---|
| 001 | 000041761 | ||
| 005 | 20201002035735.0 | ||
| 008 | 131023s2004 sp 000 0 spa d | ||
| 020 | _a8400053885 | ||
| 040 |
_aDO-SdBNP _bspa _cBNPHU |
||
| 100 | 1 |
_aAzuela, Arturo _966218 |
|
| 245 | 1 | 4 |
_aEl matemático / _cArturo Azuela ; prólogo Pedro Laín Entralco. |
| 260 |
_aMadrid : _bCSIC. |
||
| 300 |
_a181 : _bil. ; _c21 cm. |
||
| 490 | 1 |
_aMonografías _v6 |
|
| 500 | _aIncluye datos biográficos del autor en la solapa de la cubierta | ||
| 700 | 1 |
_aLaín Entralco, Pedro _epról. _968610 |
|
| 710 | 2 |
_aConsejo Superior de Investigaciones Científicas (España) _915178 |
|
| 830 | 0 |
_aMonografías _v6 _915334 |
|
| 999 |
_c41250 _d41250 |
||